[Event "SR 2. liga A 2004/2005"]
[Site "?"]
[Date "2004.11.21"]
[Round "4.7"]
[White "Hertel, Ondrej"]
[Black "Toth_Vano, Peter"]
[Result "1/2-1/2"]
[WhiteElo "1911"]
[BlackElo "2055"]
[PlyCount "102"]
[EventDate "2004.??.??"]

1. d4 Nf6 2. Nf3 d5 3. c4 e6 4. Bg5 Nbd7 5. e3 Be7 6. Nc3 O-O 7. Rc1 c6 8. Bd3
dxc4 9. Bxc4 Nd5 10. Bxe7 Qxe7 11. O-O Nxc3 12. Rxc3 e5 13. Qc2 e4 14. Nd2 Nf6
15. Rc1 Be6 16. Nxe4 Nd5 17. Bxd5 Bxd5 18. Nc5 f5 19. f3 Rae8 20. Re1 Rf6 21.
Nd3 Rh6 22. Qf2 Qf7 23. Ne5 Qh5 24. h3 Qg5 25. Kh2 Qf6 26. a3 g5 27. Qg3 Re7
28. e4 f4 29. Qf2 Be6 30. Ng4 Bxg4 31. fxg4 Qd6 32. Kg1 Rd7 33. Rd3 Re6 34. Qc2
Rde7 35. Qc4 Kf8 36. d5 cxd5 37. Rxd5 Qb6+ 38. Qd4 Qxd4+ 39. Rxd4 Rc7 40. Re2
Kf7 41. Kf2 Rec6 42. e5 Rc2 43. e6+ Ke7 44. Rd7+ Rxd7 45. exd7+ Rxe2+ 46. Kxe2
Kxd7 47. Kd3 h6 48. Ke4 Ke6 49. b3 b5 50. b4 a6 51. Kd4 Kd6 {(time 2:29 - 2:16)
} 1/2-1/2

[Event "SR 2. liga A 2004/2005"]
[Site "?"]
[Date "2004.11.21"]
[Round "4.7"]
[White "Holly, Milan"]
[Black "Labar, Eduard"]
[Result "1/2-1/2"]
[WhiteElo "1721"]
[BlackElo "2068"]
[PlyCount "70"]
[EventDate "2004.??.??"]

1. Nf3 d5 2. b3 Nf6 3. Bb2 e6 4. e3 Be7 5. c4 c5 6. Be2 Nc6 7. cxd5 exd5 8. O-O
O-O 9. d4 b6 10. Nc3 Bf5 11. Rc1 Rc8 12. Ba6 Rc7 13. Nb5 Rd7 14. Nc3 Qa8 15.
Bb5 Rdd8 16. dxc5 bxc5 17. Ba3 Nb4 18. Bxb4 cxb4 19. Nd4 Bd7 20. Nce2 Bxb5 21.
Nxb5 a6 22. Nbd4 Rd7 23. f3 Re8 24. Kf2 g6 25. Nc6 Nh5 26. g4 Bh4+ 27. Kg2 Ng7
28. Qd4 a5 29. Nf4 Ne6 30. Nxe6 Rxe6 31. Ne5 Bf6 32. f4 Rde7 33. Rc5 Bxe5 34.
fxe5 Rxe5 35. Rf3 Qa6 1/2-1/2

[Event "SR 2. liga A 2004/2005"]
[Site "?"]
[Date "2004.11.22"]
[Round "4.7"]
[White "Isa, Vlastimil"]
[Black "Mandak, Miroslav"]
[Result "1/2-1/2"]
[WhiteElo "1986"]
[BlackElo "2051"]
[PlyCount "93"]
[EventDate "2004.??.??"]

1. e4 c6 2. d4 d5 3. Nc3 dxe4 4. Nxe4 Bf5 5. Ng3 Bg6 6. h4 h6 7. Nf3 Nd7 8. Bd3
Bxd3 9. Qxd3 e6 10. Bf4 Ngf6 11. Ne4 Nxe4 12. Qxe4 Nf6 13. Qe2 Nd5 14. Bd2 Bd6
15. g3 Bb4 16. c3 Be7 17. c4 Nc7 18. Bc3 Bf6 19. O-O O-O 20. Rad1 Qc8 21. Nd2
c5 22. Ne4 Bxd4 23. Bxd4 cxd4 24. Rxd4 e5 25. Rd2 Ne6 26. Nd6 Qc5 27. Rd5 Qc7
28. Qxe5 b6 29. Re1 Kh8 30. Re2 Nc5 31. Qd4 a5 32. Nf5 Ne6 33. Rxe6 fxe6 34.
Rd7 e5 35. Rxc7 exd4 36. Nxd4 Kg8 37. c5 bxc5 38. Rxc5 Rfd8 39. Nf3 Rdb8 40. b3
Rc8 41. Rb5 a4 42. bxa4 Rxa4 43. h5 Rca8 44. Kg2 R4a5 45. Rxa5 Rxa5 46. g4 Rxa2
47. Nh4 1/2-1/2

[Event "SR 2. liga A 2004/2005"]
[Site "?"]
[Date "2004.11.22"]
[Round "4.7"]
[White "Raczko, Peter"]
[Black "Macko, Michal"]
[Result "1/2-1/2"]
[WhiteElo "2029"]
[BlackElo "2142"]
[PlyCount "72"]
[EventDate "2004.??.??"]

1. e4 c5 2. c3 e6 3. d4 Nf6 4. e5 Nd5 5. Bc4 Nb6 6. Be2 Nc6 7. Nf3 d6 8. exd6
Bxd6 9. dxc5 Bxc5 10. Qxd8+ Nxd8 11. Nbd2 Nd5 12. Ne4 Bb6 13. Nd6+ Ke7 14.
Nxc8+ Rxc8 15. O-O f6 16. a3 a5 17. c4 Nc7 18. b4 e5 19. Bd2 Nce6 20. c5 Ba7
21. Be3 Nf7 22. Rfd1 Rhd8 23. Rxd8 Nfxd8 24. Rd1 axb4 25. axb4 Nc6 26. Rb1 Rd8
27. Bc4 Ncd4 28. Nxd4 Nxd4 29. Kf1 b6 30. cxb6 Bxb6 31. Bd3 g6 32. Bxd4 Rxd4
33. Ke2 Rf4 34. f3 Rd4 35. g4 h5 36. h3 hxg4 1/2-1/2

[Event "SR 2. liga A 2004/2005"]
[Site "?"]
[Date "2004.11.21"]
[Round "4.8"]
[White "Galan, Anton"]
[Black "Holiencin, Filip"]
[Result "1/2-1/2"]
[WhiteElo "1917"]
[BlackElo "1592"]
[PlyCount "117"]
[EventDate "2004.??.??"]

1. e4 c5 2. Nf3 d6 3. d4 cxd4 4. Nxd4 Nf6 5. Nc3 a6 6. Be2 e5 7. Nb3 Be7 8. a4
Be6 9. Be3 Nbd7 10. a5 Rc8 11. O-O O-O 12. f3 Bc4 13. Rf2 Rc6 14. Bxc4 Rxc4 15.
Rd2 Qc7 16. Ne2 Rc8 17. c3 Bf8 18. Ng3 g6 19. Rd3 h6 20. h3 Qd8 21. Kh2 Kh7 22.
Ne2 Be7 23. g4 Ne8 24. Nd2 R4c6 25. b4 Ng7 26. Qb3 Qe8 27. Nf1 Ne6 28. Kg3 g5
29. Kf2 Ng7 30. Nfg3 Nf6 31. Rh1 Nd7 32. Qd1 Nf8 33. Qd2 Nfe6 34. Nf5 Nxf5 35.
exf5 Nf4 36. Nxf4 gxf4 37. Bb6 Qf8 38. Rc1 Bd8 39. Bxd8 Rxd8 40. c4 Rdc8 41.
Qc2 Qd8 42. f6 Kg8 43. g5 Rxc4 44. Qxc4 Rxc4 45. Rxc4 hxg5 46. Rdc3 Qxf6 47.
Rc7 Qe6 48. Rxb7 Qa2+ 49. Ke1 Qa1+ 50. Kd2 Qa2+ 51. Kc1 Qa1+ 52. Kc2 Qa2+ 53.
Kc1 Qg2 54. b5 Qg1+ 55. Kb2 Qf2+ 56. Kb3 Qe2 57. Rb6 Qd1+ 58. Kb2 Qd2+ 59. Kb3
1/2-1/2

[Event "SR 2. liga A 2004/2005"]
[Site "?"]
[Date "2004.11.22"]
[Round "4.8"]
[White "Halasz, Michal"]
[Black "Vyboch, Jozef"]
[Result "0-1"]
[WhiteElo "1883"]
[BlackElo "1983"]
[PlyCount "82"]
[EventDate "2004.??.??"]

1. d4 Nf6 2. c4 g6 3. Nc3 Bg7 4. g3 d6 5. Bg2 O-O 6. e4 Nbd7 7. Nf3 e5 8. d5
Nc5 9. Qc2 a5 10. Be3 Qe7 11. O-O Ng4 12. Bxc5 dxc5 13. Nd2 f5 14. h3 Nf6 15.
Rae1 Nh5 16. Nf3 f4 17. g4 Nf6 18. Nh2 g5 19. Bf3 Ra6 20. Kg2 Nd7 21. Rh1 Rf7
22. Be2 Nf8 23. Nf3 Rh6 24. Nd2 f3+ 25. Bxf3 Rhf6 26. Ref1 Ng6 27. Bd1 Qf8 28.
f3 Nh4+ 29. Kg3 Bh8 30. Be2 h5 31. Nd1 Rh7 32. Ne3 Rfh6 33. Nf5 Rb6 34. b3 Ng6
35. Bd1 Nf4 36. Nb1 Qf6 37. Nc3 Bd7 38. Rh2 Ne6 39. Rfh1 Nf4 40. Qd2 Bg7 41.
Qf2 h4+ 0-1

[Event "SR 2. liga A 2004/2005"]
[Site "?"]
[Date "2004.11.22"]
[Round "4.8"]
[White "Kleman, Miroslav"]
[Black "Polasek, Filip"]
[Result "1-0"]
[WhiteElo "2142"]
[BlackElo "2018"]
[PlyCount "73"]
[EventDate "2004.??.??"]

1. d4 d5 2. Nf3 e6 3. e3 c5 4. c3 c4 5. b3 cxb3 6. axb3 Bd7 7. Bd3 Nf6 8. O-O
Nc6 9. Nbd2 Be7 10. e4 dxe4 11. Nxe4 Nxe4 12. Bxe4 O-O 13. Bb2 Qc7 14. Re1 Bd6
15. c4 Bb4 16. Re3 a5 17. Bxh7+ Kxh7 18. Ng5+ Kg6 19. Rg3 Qxg3 20. hxg3 Kxg5
21. d5 Ne7 22. Bxg7 Rg8 23. Qd4 Nf5 24. Qf6+ Kh5 25. Qxf7+ Kg5 26. Bf6+ Kh6 27.
Qxd7 Raf8 28. Qxe6 Rg6 29. Qxf5 Rgxf6 30. Qh3+ Kg7 31. f4 Rb6 32. Qg4+ Kf7 33.
Qf3 Rh8 34. Qe3 Rbh6 35. Kf2 b6 36. Kf3 Re8 37. Qd3 1-0

[Event "SR 2. liga A 2004/2005"]
[Site "?"]
[Date "2004.11.21"]
[Round "4.8"]
[White "Nagy, Edmund"]
[Black "Barca, Michal"]
[Result "1-0"]
[WhiteElo "1984"]
[BlackElo "1716"]
[PlyCount "55"]
[EventDate "2004.??.??"]

1. d4 d5 2. c4 e6 3. Nf3 Be7 4. e3 b6 5. cxd5 exd5 6. Bd3 Bb7 7. O-O Nf6 8. Nc3
Nbd7 9. Ne5 O-O 10. f4 a6 11. Rf3 Ne4 12. Rh3 Bh4 13. Bxe4 Nxe5 14. Qh5 dxe4
15. fxe5 g5 16. g3 Bc8 17. Nxe4 f6 18. Rxh4 gxh4 19. Nxf6+ Rxf6 20. exf6 Qxf6
21. Qd5+ Kg7 22. Qxa8 hxg3 23. Qg2 Kf8 24. Qxg3 Qc6 25. Bd2 Bb7 26. Rf1+ Ke8
27. Qg8+ Kd7 28. Rf7+ {(time 1:06 - 1: 05)} 1-0

[Event "SR 2. liga A 2004/2005"]
[Site "?"]
[Date "2004.11.22"]
[Round "4.8"]
[White "Nepras, Martin"]
[Black "Flak, Juraj"]
[Result "1/2-1/2"]
[WhiteElo "1973"]
[BlackElo "2033"]
[PlyCount "84"]
[EventDate "2004.??.??"]

1. d4 Nf6 2. c4 e6 3. Nc3 c5 4. d5 exd5 5. cxd5 d6 6. Nf3 g6 7. Bg5 Bg7 8. g3
O-O 9. Bg2 a6 10. O-O b5 11. Ne4 Bf5 12. Nfd2 Re8 13. Bxf6 Bxf6 14. Nxf6+ Qxf6
15. e4 Bc8 16. Qc2 Ra7 17. a4 b4 18. Nc4 a5 19. Rfe1 Nd7 20. f4 Bb7 21. Rad1
Ba6 22. Nxa5 Bb5 23. axb5 Rxa5 24. Bh3 Qd8 25. Ra1 Rxa1 26. Rxa1 Nf6 27. Bg2
Qe7 28. Re1 Nxd5 29. e5 Nb6 30. Bc6 Rd8 31. Re2 d5 32. f5 gxf5 33. Qxf5 Kh8 34.
b3 Qe6 35. Qd3 Qg6 36. Qd2 Kg7 37. Rf2 Qb1+ 38. Rf1 Qg6 39. Rf6 Qh5 40. Qf4
Qd1+ 41. Kg2 Qe2+ 42. Kh3 Qh5+ 1/2-1/2

[Event "SR 2. liga A 2004/2005"]
[Site "?"]
[Date "2004.11.21"]
[Round "4.8"]
[White "Rachela, Robert"]
[Black "Karlik, Lukas"]
[Result "1-0"]
[WhiteElo "1849"]
[BlackElo "1845"]
[PlyCount "109"]
[EventDate "2004.??.??"]

1. e4 d5 2. exd5 Qxd5 3. Nc3 Qa5 4. d4 c6 5. Nf3 Nf6 6. Bd3 Bg4 7. O-O e6 8.
Ne4 Nbd7 9. c3 Be7 10. Bf4 Nxe4 11. Bxe4 Nf6 12. Bc2 Qh5 13. Qd3 Bxf3 14. Qxf3
Qxf3 15. gxf3 O-O-O 16. a4 Nd5 17. Bg3 Bd6 18. Rfe1 h6 19. a5 a6 20. Be5 Bxe5
21. Rxe5 Rd7 22. Rd1 Rhd8 23. Bb3 Nf4 24. Re4 g5 25. Kf1 c5 26. Ke1 cxd4 27.
Rexd4 Rxd4 28. Rxd4 Rxd4 29. cxd4 Kc7 30. Kd2 Kd6 31. Bc4 Ng6 32. Ke3 Ne7 33.
f4 Nc6 34. fxg5 hxg5 35. Kf3 Nxd4+ 36. Kg4 f6 37. Kh5 Nc6 38. Kg6 Ke7 39. f4
gxf4 40. Be2 f3 41. Bf1 Ne5+ 42. Kg7 Nf7 43. h4 e5 44. h5 e4 45. Bc4 e3 46.
Bxf7 e2 47. h6 e1=Q 48. h7 Qg3+ 49. Bg6 f2 50. h8=Q f1=Q 51. Qe8+ Kd6 52. Qb8+
Kc5 53. Qxg3 Qc4 54. Qc3 Kd5 55. Bf7+ 1-0

[Event "SR 2. liga A 2004/2005"]
[Site "?"]
[Date "2004.12.18"]
[Round "5.1"]
[White "Biro, Karol"]
[Black "Oprea, Erik"]
[Result "1/2-1/2"]
[WhiteElo "2225"]
[BlackElo "2115"]
[PlyCount "101"]
[EventDate "2004.??.??"]

1. e4 e5 2. Nc3 Nc6 3. g3 Nf6 4. Bg2 Bc5 5. Nge2 a6 6. O-O d6 7. Nd5 Bg4 8. h3
Be6 9. c3 Qd7 10. Nxf6+ gxf6 11. d4 Ba7 12. d5 Bxh3 13. dxc6 bxc6 14. Be3 Bxe3
15. fxe3 h5 16. Rf5 Bxf5 17. exf5 Rb8 18. Qa4 Rb6 19. b3 Qxf5 20. Bxc6+ Ke7 21.
Bg2 Rg8 22. Qe4 Qxe4 23. Bxe4 h4 24. Kf2 hxg3+ 25. Nxg3 Rbb8 26. Bf3 Rg5 27. e4
Rh8 28. Rh1 Rxh1 29. Bxh1 Rg8 30. Bf3 c6 31. c4 Rb8 32. Nf5+ Kd7 33. Bh5 Rh8
34. Be2 a5 35. Ne3 Kc7 36. Ng4 Rh4 37. Bf3 Kb6 38. Nxf6 Rh2+ 39. Bg2 Kc5 40.
Ng4 Rh8 41. Ne3 Kb4 42. Ke2 c5 43. Kd2 Ka3 44. Bf1 Kxa2 45. Kc2 Rh2+ 46. Kc3
Rb2 47. Bd3 Rxb3+ 48. Kc2 Rb2+ 49. Kc3 Rb3+ 50. Kc2 Rb2+ 51. Kc3 1/2-1/2

[Event "SR 2. liga A 2004/2005"]
[Site "?"]
[Date "2004.12.18"]
[Round "5.1"]
[White "Bisco, Igor"]
[Black "Likavsky, Tomas"]
[Result "1/2-1/2"]
[WhiteElo "2177"]
[BlackElo "2449"]
[PlyCount "105"]
[EventDate "2004.??.??"]

1. e4 c5 2. Nf3 d6 3. d4 cxd4 4. Nxd4 Nf6 5. Nc3 Nc6 6. Bc4 e6 7. O-O a6 8. Re1
Qc7 9. Bb3 Be7 10. h3 O-O 11. a4 Bd7 12. Nf3 Rac8 13. Bf4 Ne5 14. a5 Rfd8 15.
Be3 Qb8 16. Bb6 Re8 17. Qe2 Nxf3+ 18. Qxf3 Bc6 19. Rad1 Nd7 20. Bd4 Qc7 21. Qg3
Bf8 22. Ra1 g6 23. h4 Nc5 24. Ba2 Na4 25. Nxa4 Bxa4 26. c3 Qxa5 27. Bb3 b5 28.
h5 Qc7 29. Bxa4 bxa4 30. Rxa4 Rb8 31. Rxa6 Rxb2 32. hxg6 fxg6 33. e5 d5 34. Qg4
Qc8 35. Rea1 Rb1+ 36. Rxb1 Qxa6 37. Rb6 Qc8 38. Qh3 Qd7 39. Ra6 Qc8 40. Rb6 Qd7
41. Ra6 Qf7 42. Ra7 Re7 43. Ra8 h5 44. Qd3 Rc7 45. Qa6 Kh7 46. Qd6 Bxd6 47.
exd6 Kh6 48. Rh8+ Kg5 49. dxc7 Qxc7 50. Rf8 Kh6 51. Rh8+ Kg5 52. Rf8 Kh6 53.
Rh8+ 1/2-1/2

[Event "SR 2. liga A 2004/2005"]
[Site "?"]
[Date "2004.12.18"]
[Round "5.1"]
[White "Chovanec, Vladimir"]
[Black "Pivacek, Marek"]
[Result "1/2-1/2"]
[WhiteElo "2077"]
[BlackElo "1974"]
[PlyCount "56"]
[EventDate "2004.??.??"]

1. Nf3 Nf6 2. g3 g6 3. Bg2 Bg7 4. d3 O-O 5. O-O d6 6. e4 c5 7. Re1 e5 8. c3 Nc6
9. a3 h6 10. b4 a6 11. Bb2 Re8 12. Nbd2 Bd7 13. Nc4 Be6 14. Ne3 Bg4 15. Qb3 Qb6
16. Nd2 Rab8 17. h3 Be6 18. Nd5 Bxd5 19. exd5 Ne7 20. Nc4 Qc7 21. Ne3 b6 22.
Rac1 Qd7 23. Qd1 Nf5 24. Qf3 Nxe3 25. Rxe3 Nh7 26. h4 h5 27. Rd1 f5 28. Bh3 Nf6
1/2-1/2

[Event "SR 2. liga A 2004/2005"]
[Site "?"]
[Date "2004.12.18"]
[Round "5.1"]
[White "Harasta, Vladimir"]
[Black "Felcir, Jaroslav"]
[Result "1-0"]
[WhiteElo "2140"]
[BlackElo "2208"]
[PlyCount "127"]
[EventDate "2004.??.??"]

1. c4 Nf6 2. Nc3 c5 3. Nf3 Nc6 4. d4 cxd4 5. Nxd4 d5 6. cxd5 Nxd5 7. Nxc6 bxc6
8. Bd2 e5 9. e4 Nc7 10. Qh5 Qf6 11. Bg5 Qg6 12. O-O-O Ne6 13. Qxg6 hxg6 14. Be3
Bc5 15. Bxc5 Nxc5 16. Rd6 Bd7 17. Bc4 Ke7 18. Rhd1 Be8 19. h3 Nb7 20. R6d2 Rd8
21. f3 Rxd2 22. Kxd2 Bd7 23. Ke3 Be6 24. Bxe6 Kxe6 25. Na4 Rd8 26. Nc5+ Ke7 27.
Rxd8 Nxd8 28. Kd3 g5 29. Kc4 Kd6 30. b4 f6 31. a4 Ne6 32. Nxe6 Kxe6 33. Kc5 Kd7
34. b5 cxb5 35. Kxb5 Kc7 36. g3 Kb7 37. h4 gxh4 38. gxh4 g6 39. Kc5 Ka6 40. Kd5
Ka5 41. Ke6 Kxa4 42. Kxf6 Kb4 43. Kxg6 a5 44. h5 a4 45. h6 a3 46. h7 a2 47.
h8=Q a1=Q 48. Kf5 Qd1 49. Qf8+ Kc4 50. Qf7+ Kc3 51. Kxe5 Qd4+ 52. Kf5 Qc5+ 53.
Qd5 Qf8+ 54. Kg4 Qg7+ 55. Qg5 Qd7+ 56. Qf5 Qg7+ 57. Kh5 Qh8+ 58. Kg5 Qg7+ 59.
Qg6 Qe5+ 60. Kg4 Kd4 61. f4 Qe7 62. e5 Ke3 63. e6 Qb4 64. Qg5 1-0

[Event "SR 2. liga A 2004/2005"]
[Site "?"]
[Date "2004.12.18"]
[Round "5.1"]
[White "Rohacek, Miroslav"]
[Black "Duriga, Stefan"]
[Result "0-1"]
[WhiteElo "2239"]
[BlackElo "2252"]
[PlyCount "74"]
[EventDate "2004.??.??"]

1. Nf3 d5 2. c4 e6 3. g3 Nf6 4. Bg2 c6 5. b3 Be7 6. Bb2 O-O 7. O-O b5 8. d4
Nbd7 9. Nbd2 Rb8 10. Qc2 bxc4 11. bxc4 Ba6 12. Rab1 Nb6 13. Ne5 Rc8 14. c5 Nbd7
15. Nd3 Qc7 16. Nb3 Rb8 17. Bc1 Rb7 18. Bf4 Qc8 19. Na5 Rb5 20. Rxb5 Bxb5 21.
a4 Bxd3 22. Qxd3 Bd8 23. Bd2 e5 24. dxe5 Nxe5 25. Qd4 Re8 26. Nb3 Nc4 27. Qd3
Ne4 28. Bc3 Bf6 29. Bd4 Bxd4 30. Qxd4 Qb8 31. Nc1 Qb4 32. Nd3 Qd2 33. Bh3 Nc3
34. Kg2 Re4 35. Qxe4 dxe4 36. Nf4 g5 37. Nh5 Qxe2 0-1

[Event "SR 2. liga A 2004/2005"]
[Site "?"]
[Date "2004.12.18"]
[Round "5.1"]
[White "Smolen, Jan"]
[Black "Lesny, Stefan"]
[Result "0-1"]
[WhiteElo "2334"]
[BlackElo "2077"]
[PlyCount "72"]
[EventDate "2004.??.??"]
[TimeControl "240+2"]

{48MB, Fritz8.ctg, FRATRIC-A552EF0} 1. e4 e5 2. f4 exf4 3. Nf3 h6 4. Bc4 d6 5.
d4 g5 6. O-O Be6 7. Bxe6 fxe6 8. e5 d5 9. g3 fxg3 10. Qd3 gxh2+ 11. Nxh2 Ne7
12. Qb5+ Qd7 13. Qxb7 Qc6 14. Qb3 Nf5 15. Qf3 Qd7 16. c4 Nc6 17. Qh5+ Qf7 18.
Qxf7+ Kxf7 19. cxd5 Ncxd4 20. Nc3 Rd8 21. Nf3 Bc5 22. Kg2 Nc2 23. Ne4 Rxd5 24.
Nf6 Rdd8 25. Bxg5 hxg5 26. Nxg5+ Ke7 27. Rac1 Rd2+ 28. Kf3 Rd3+ 29. Ke2 Re3+
30. Kd1 Rxe5 31. Kxc2 Kxf6 32. Nf3 Ne3+ 33. Kb1 Nxf1 34. Nxe5 Nd2+ 35. Kc2 Kxe5
36. Kxd2 Rh2+ 0-1

[Event "SR 2. liga A 2004/2005"]
[Site "?"]
[Date "2004.12.18"]
[Round "5.2"]
[White "Eged, Igor"]
[Black "Krajnak, Robert"]
[Result "1-0"]
[WhiteElo "2115"]
[BlackElo "2105"]
[PlyCount "60"]
[EventDate "2004.??.??"]

1. e4 c5 2. Nc3 Nc6 3. g3 g6 4. Bg2 Bg7 5. Nge2 Rb8 6. f4 b5 7. e5 f6 8. e6 b4
9. Ne4 Qb6 10. exd7+ Bxd7 11. d3 Nh6 12. Be3 f5 13. Nxc5 Ng4 14. Bg1 Nd4 15.
Nxd4 Qxc5 16. Ne6 Bc3+ 17. Kf1 Ne3+ 18. Bxe3 Qxe3 19. Nc7+ Kd8 20. Nd5 Qc5 21.
bxc3 bxc3 22. Qe1 Rb2 23. Qxc3 Qxc3 24. Nxc3 Rxc2 25. Ne2 Bb5 26. Kf2 Kd7 27.
Rhd1 Rhc8 28. Bd5 a5 29. Rac1 a4 30. Bc4 Rxc1 1-0

[Event "SR 2. liga A 2004/2005"]
[Site "?"]
[Date "2004.12.18"]
[Round "5.2"]
[White "Gasa, Andrej"]
[Black "Skreno, Vladimir"]
[Result "1/2-1/2"]
[WhiteElo "2202"]
[BlackElo "2180"]
[PlyCount "66"]
[EventDate "2004.??.??"]

1. e4 c5 2. Nf3 Nc6 3. d4 cxd4 4. Nxd4 e5 5. Nb5 a6 6. Nd6+ Bxd6 7. Qxd6 Qf6 8.
Qd1 Qg6 9. Nc3 Nge7 10. Be3 d5 11. Nxd5 Nxd5 12. Qxd5 Be6 13. Qc5 Qxe4 14. c3
Rd8 15. f3 Qc2 16. Qa3 f6 17. Be2 Kf7 18. Rc1 Qg6 19. Kf2 Rd7 20. Qa4 Rhd8 21.
Rhd1 Ne7 22. Rxd7 Rxd7 23. Rd1 Rxd1 24. Qxd1 f5 25. c4 Qf6 26. g3 f4 27. Bc5
Nf5 28. Qd2 Qh6 29. Kg2 Nxg3 30. hxg3 Qh3+ 31. Kg1 Qxg3+ 32. Kh1 Qh3+ 33. Kg1
Qg3+ 1/2-1/2

[Event "SR 2. liga A 2004/2005"]
[Site "?"]
[Date "2004.12.18"]
[Round "5.2"]
[White "Jablonicky, Frantisek"]
[Black "Horak, Ivan"]
[Result "1-0"]
[WhiteElo "2181"]
[BlackElo "2177"]
[PlyCount "77"]
[EventDate "2004.??.??"]

1. Nf3 d5 2. d4 Nf6 3. c4 e6 4. g3 c6 5. Qc2 Ne4 6. Bg2 Nd7 7. O-O Be7 8. Nbd2
Nxd2 9. Bxd2 dxc4 10. Qxc4 O-O 11. b4 a6 12. a4 Nb6 13. Qd3 Bf6 14. Rfd1 Re8
15. Be1 Qe7 16. e4 g6 17. Bc3 Rd8 18. a5 Nd7 19. Qc4 Nf8 20. h4 Bd7 21. e5 Bg7
22. Qc5 Re8 23. Ng5 Bc8 24. Ne4 Nd7 25. Qc4 Rd8 26. Bh3 Kh8 27. Bd2 h6 28. Ra3
Kh7 29. Qc2 Rf8 30. h5 Kg8 31. Rf3 g5 32. Qb1 Rb8 33. b5 cxb5 34. Bb4 Qd8 35.
Bxf8 Bxf8 36. Rxf7 Kxf7 37. Nd6+ Kg8 38. Bxe6+ Kh8 39. Nf7+ 1-0

[Event "SR 2. liga A 2004/2005"]
[Site "?"]
[Date "2004.12.18"]
[Round "5.2"]
[White "Obdrzalkova, Anita"]
[Black "Bezuch, Martin"]
[Result "0-1"]
[WhiteElo "2137"]
[BlackElo "2190"]
[PlyCount "68"]
[EventDate "2004.??.??"]
[TimeControl "240+2"]

{48MB, Fritz8.ctg, FRATRIC-A552EF0} 1. d4 Nf6 2. c4 g6 3. Nc3 Bg7 4. Nf3 O-O 5.
g3 d6 6. Bg2 Nbd7 7. O-O c5 8. b3 a6 9. Bb2 Rb8 10. dxc5 Nxc5 11. Rc1 Bd7 12.
Nd4 b5 13. cxb5 axb5 14. Nc6 Bxc6 15. Bxc6 b4 16. Na4 Ne6 17. Bg2 Qa5 18. Rc4
Rfc8 19. Qc2 Rxc4 20. Qxc4 Qh5 21. Bf3 Qf5 22. h4 g5 23. Bxf6 Qxf6 24. hxg5
Nxg5 25. Bg2 Qf5 26. Qc7 Rc8 27. Qb7 Bf6 28. Qxb4 Rc2 29. e4 Qg4 30. Nb6 Be5
31. Qe1 Bd4 32. Nd5 Qxg3 33. Nxe7+ Kf8 34. Nf5 Nf3+ 0-1

[Event "SR 2. liga A 2004/2005"]
[Site "?"]
[Date "2004.12.18"]
[Round "5.2"]
[White "Polacik, Igor"]
[Black "Bury, Rastislav"]
[Result "1/2-1/2"]
[WhiteElo "2014"]
[BlackElo "2053"]
[PlyCount "40"]
[EventDate "2004.??.??"]

1. e4 e5 2. Nc3 Nc6 3. Bc4 Nf6 4. d3 Na5 5. Nge2 Nxc4 6. dxc4 Be7 7. O-O O-O 8.
Qd3 d6 9. b3 a5 10. a4 Nd7 11. Ng3 Nc5 12. Qe2 c6 13. Be3 Qc7 14. Rad1 Be6 15.
f4 exf4 16. Bxf4 Nd7 17. Nf5 Ne5 18. c5 Bxf5 19. exf5 f6 20. Bxe5 dxe5 1/2-1/2

[Event "SR 2. liga A 2004/2005"]
[Site "?"]
[Date "2004.12.18"]
[Round "5.2"]
[White "Tepper, Frantisek"]
[Black "Machalova, Maria"]
[Result "1/2-1/2"]
[WhiteElo "2222"]
[BlackElo "2137"]
[PlyCount "51"]
[EventDate "2004.??.??"]

1. e4 c5 2. Nc3 Nc6 3. g3 g6 4. Bg2 Bg7 5. d3 e6 6. Be3 d6 7. Qd2 Qa5 8. Nge2
Nd4 9. Nc1 Ne7 10. O-O Rb8 11. Nb3 Qd8 12. Nd1 Nec6 13. Nc1 Ne5 14. f3 O-O 15.
c3 Ndc6 16. Nf2 f5 17. f4 Nd7 18. Ne2 Nf6 19. b3 Qc7 20. Rad1 e5 21. d4 cxd4
22. cxd4 fxe4 23. dxe5 dxe5 24. fxe5 Nxe5 25. Nxe4 Bg4 26. Bc5 1/2-1/2

[Event "SR 2. liga A 2004/2005"]
[Site "?"]
[Date "2004.12.18"]
[Round "5.3"]
[White "Antol, Ladislav"]
[Black "Petreje, Juraj"]
[Result "0-1"]
[WhiteElo "2079"]
[BlackElo "2192"]
[PlyCount "102"]
[EventDate "2004.??.??"]

1. e4 d5 2. exd5 Qxd5 3. Nc3 Qd8 4. d4 g6 5. Bc4 Bg7 6. Nce2 Nf6 7. c3 a6 8.
Nf3 b5 9. Bb3 Bb7 10. Nf4 O-O 11. O-O Nbd7 12. Nd3 Rc8 13. a4 c5 14. dxc5 Nxc5
15. Nxc5 Qxd1 16. Bxd1 Rxc5 17. Be3 Rd5 18. Nd4 bxa4 19. Rxa4 Rc8 20. Rb4 Rd7
21. Be2 Ra8 22. Ra1 Nd5 23. Rba4 Nxe3 24. fxe3 Bh6 25. Kf2 Rd6 26. Rb4 Rf6+ 27.
Nf3 Ra7 28. g4 e5 29. e4 Bf8 30. Rba4 Bd6 31. Kg3 Rf4 32. Nd2 Bc5 33. Rf1 Be3
34. Nb3 Rxe4 35. Rxe4 Bxe4 36. Bc4 Kg7 37. Kh3 f5 38. Nc1 a5 39. Ne2 f4 40. Re1
Rc7 41. Ba2 Kf6 42. c4 Kg5 43. Nc3 Bf3 44. Nd5 Bxg4+ 45. Kg2 Rb7 46. b3 Bd7 47.
h3 Bf5 48. c5 Bd7 49. h4+ Kxh4 50. Rh1+ Kg5 51. Rxh7 Bc6 0-1

[Event "SR 2. liga A 2004/2005"]
[Site "?"]
[Date "2004.12.18"]
[Round "5.3"]
[White "Cvicela, Anton"]
[Black "Seitler, Andrej"]
[Result "1-0"]
[WhiteElo "2185"]
[BlackElo "2191"]
[PlyCount "103"]
[EventDate "2004.??.??"]

1. e4 c6 2. d4 d5 3. Nc3 dxe4 4. Nxe4 Nf6 5. Nxf6+ gxf6 6. Be3 Bf5 7. Ne2 e6 8.
Ng3 Bg6 9. h4 h5 10. Bd3 Nd7 11. Ne2 Bd6 12. Bxg6 fxg6 13. Qd3 Kf7 14. O-O-O
Qc7 15. g3 Rhd8 16. Bf4 Nb6 17. Bxd6 Qxd6 18. Nf4 Rg8 19. Rhe1 Rae8 20. c4 c5
21. d5 e5 22. Ne6 Nd7 23. f4 exf4 24. gxf4 f5 25. Qc3 Nf6 26. Ng5+ Kf8 27. Ne6+
Kf7 28. Ng5+ Kf8 29. Rxe8+ Kxe8 30. Qe5+ Kd7 31. Qxd6+ Kxd6 32. Nf7+ Ke7 33.
Ne5 Ne4 34. Rg1 Kf6 35. Kc2 b6 36. a3 Rg7 37. Rg2 a6 38. b4 b5 39. bxc5 Nxc5
40. Kc3 Ne4+ 41. Kd4 bxc4 42. Kxc4 Ke7 43. Rb2 Nd6+ 44. Kc5 Rg8 45. Rb6 Ne4+
46. Kd4 Nd6 47. Rxa6 Rc8 48. Nxg6+ Kd7 49. Ne5+ Ke7 50. Ra7+ Kf6 51. Nd7+ Kg6
52. Ra6 1-0

[Event "SR 2. liga A 2004/2005"]
[Site "?"]
[Date "2004.12.18"]
[Round "5.3"]
[White "Hartl, Jan"]
[Black "Cambel, Vladimir"]
[Result "1-0"]
[WhiteElo "2155"]
[BlackElo "2035"]
[PlyCount "143"]
[EventDate "2004.??.??"]

1. e4 c5 2. Nf3 e6 3. c4 d5 4. exd5 exd5 5. cxd5 Nf6 6. Bc4 Be7 7. O-O O-O 8.
Re1 Nbd7 9. Nc3 Nb6 10. d3 h6 11. h3 Bf5 12. Qb3 Rc8 13. Be3 Bd6 14. a4 a5 15.
Rad1 Bb8 16. d4 Bc2 17. Qxc2 Nxc4 18. Qb3 Nxe3 19. Rxe3 cxd4 20. Nxd4 Qd6 21.
g3 Qd7 22. Kg2 Ba7 23. Red3 Rfe8 24. Ndb5 Bc5 25. Rf3 Ne4 26. Nxe4 Rxe4 27. Nc3
Rb4 28. Qc2 Bd4 29. b3 Qc7 30. Rdd3 Qe5 31. Qd2 Bxc3 32. Rxc3 Rxc3 33. Rxc3 Rd4
34. Rc8+ Kh7 35. Qc2+ g6 36. Rc7 Qxd5+ 37. Kh2 Kg7 38. Rc5 Qd6 39. Qc3 Kh7 40.
Rc8 Qd7 41. Rc7 Qd5 42. Rxf7+ Qxf7 43. Qxd4 Qc7 44. h4 h5 45. Qc4 Qd7 46. Qb5
Qc7 47. Qd5 b6 48. Kg2 Kg7 49. Qc4 Qd6 50. Kf3 Qd1+ 51. Ke3 Qe1+ 52. Qe2 Qc3+
53. Qd3 Qe5+ 54. Kf3 Qe6 55. Qe3 Qc6+ 56. Kf4 Qf6+ 57. Ke4 Qe6+ 58. Kd4 Qd6+
59. Kc4 Qc6+ 60. Kd3 Kg8 61. Qe4 Qd6+ 62. Qd4 Qb8 63. Kc4 b5+ 64. axb5 Qc8+ 65.
Kd3 Qf5+ 66. Kc3 Qf3+ 67. Kb2 Qe2+ 68. Ka3 Kh7 69. b6 Qb5 70. Qd6 Kh6 71. Qf8+
Kh7 72. Qe7+ 1-0

[Event "SR 2. liga A 2004/2005"]
[Site "?"]
[Date "2004.12.18"]
[Round "5.3"]
[White "Kovarik, Oto"]
[Black "Lukac, Roman"]
[Result "0-1"]
[WhiteElo "2100"]
[BlackElo "2133"]
[PlyCount "90"]
[EventDate "2004.??.??"]

1. e4 e5 2. Nf3 Nc6 3. Bb5 a6 4. Bxc6 dxc6 5. O-O Bd6 6. d4 exd4 7. Qxd4 f6 8.
c4 c5 9. Qe3 Ne7 10. Nc3 O-O 11. b3 Re8 12. Bb2 Nf5 13. Qe1 Nd4 14. Nxd4 cxd4
15. Nd5 c6 16. Nb4 Qe7 17. Nd3 c5 18. Qd2 Bd7 19. f3 b5 20. Rac1 b4 21. Ra1 a5
22. a4 f5 23. Rae1 fxe4 24. Rxe4 Qf6 25. Qe2 Bc6 26. Rxe8+ Rxe8 27. Qf2 Qg6 28.
Nxc5 Qh5 29. h3 Qxc5 30. Bxd4 Qf5 31. Re1 Qf4 32. Rxe8+ Bxe8 33. Qe3 Qxe3+ 34.
Bxe3 Bc7 35. Ba7 Bxa4 36. bxa4 b3 37. Bd4 Bb6 38. Bxb6 b2 39. c5 b1=Q+ 40. Kh2
Qc2 41. Kg3 Qxa4 42. f4 Qc6 43. Bxa5 Qxc5 44. Bd8 Qe3+ 45. Kg4 Qe2+ 0-1